000 00592nam a2200229Ia 4500
003 OSt
005 20220923225619.0
006 a|||||r|||| 00| 0
007 ta
008 220922b |||||||| |||| 00| 0 pan d
024 _a272,570
037 _cTextual
040 _aARTS
_cARTS
_bpan
041 _2pan
_apan
082 _aO153,3NNACx, M6
100 _aਨਛੱਤਰ
245 0 _aਜਿਉਣ ਜੋਗੇ
260 _c1986
650 _aਪੰਜਾਬੀ ਸਾਹਿਤ
942 _hO153,3NNACx, M6
_cTEXL
_2CC
999 _c379468
_d379468